| 000 | 00857nam a2200229 a 4500 | ||
|---|---|---|---|
| 001 | 38129 | ||
| 003 | BD-RjUL | ||
| 005 | 20211209052730.0 | ||
| 008 | 150914r20082000bg ||||| |||| 00| 0 ben d | ||
| 020 | _a9840746448 | ||
| 035 | _a(BD-RjUL)38234 | ||
| 040 |
_aBD-RjUL _beng _cBD-RjUL |
||
| 041 | _aeng | ||
| 082 |
_a346.043 _bHOB 2008 |
||
| 100 |
_aহক, কাজী এবাদুল _9117992 |
||
| 245 |
_aভূমি আইন ও ভূমি ব্যবস্থার ক্রমবিকাশ / _cকাজী এবাদুল হক |
||
| 260 |
_aঢাকা : _bবাংলা একাডেমী, _c২০০০, _c[পুনর্মুদ্রণ ২০০৮] |
||
| 300 |
_a৩৬৪ পৃ. ; _c২২ সেমি. |
||
| 650 |
_aভূসম্পত্তি _9117993 |
||
| 650 |
_aReal property _9116875 |
||
| 942 |
_2ddc _cBK _01 |
||
| 999 |
_c38129 _d38129 |
||